Normal view
MARC view
Entry Topical Term
001 - CONTROL NUMBER
- control field: 10206
003 - CONTROL NUMBER IDENTIFIER
- control field: BD-RjUL
005 - DATE AND TIME OF LATEST TRANSACTION
- control field: 20231127185425.0
008 - FIXED-LENGTH DATA ELEMENTS
- fixed length control field: 231127|| aca||aabn | a|a d
040 ## - CATALOGING SOURCE
- Original cataloging agency: BD-RjUL
- Transcribing agency: BD-RjUL
150 ## - HEADING--TOPICAL TERM
- Topical term or geographic name entry element: Brain
- General subdivision: Human anatomy
670 ## - SOURCE DATA FOUND
- Source citation: Work cat.: (BD-RjUL)82356: Ali, Md. Sujan 10205, Electroencephalography (EEG) based analysis of human brain activities for audio stimuli /, 2018